| 000 | 00533nam a2200181 i 4500 | ||
|---|---|---|---|
| 001 | 24000 | ||
| 003 | ES-MaACL | ||
| 005 | 20250828063239.0 | ||
| 007 | t| | ||
| 008 | 021213s1967 sp ||||1| spa d | ||
| 100 | 1 |
_aAmis, Kingsley, _d1922-1995 _9233548 |
|
| 245 | 1 | 3 |
_aLa liga anti-muerte / _cKingsley Amis ; [traducción Carlos Ribalta]. |
| 260 |
_a[Barcelona] : _bLumen, _c[1967] |
||
| 300 |
_a416 p. ; _c19 cm. |
||
| 700 | 1 |
_aRibalta, Carlos. _996711 |
|
| 852 |
_aES-MaACL _jC-34161 _bR.64960 |
||
| 999 |
_c24000 _d24000 |
||